00325nam a2200109Ia 4500008004100000100002100041245008800062260002100150650002000171942000700191999001700198190216s9999||||xx |||||||||||||| ||und|| aPadmanabhan Nair 0aMalayalam-Yathravivaranam-Periplus Erithriyan Kadaltheerathiloode Oru Kappal Yathra bVidyarthimithram aYathravivaranam cBK c26276d26276